Torschützenliste der La Liga 2011-2012 - Statistiken

Allgemein
  • Dieses Quiz wurde 25 mal gespielt
  • Das Durchschnittsergebnis liegt bei 5 aus 10
Antwortstatistiken
Tore Nationalität Verein Spieler % Korrekt
46 Portugal Real Madrid Cristiano Ronaldo
100%
50 Argentinien FC Barcelona Lionel Messi
100%
24 Kolumbien Atlético Madrid Falcao
83%
21 Frankreich Real Madrid Karim Benzema
83%
22 Argentinien Real Madrid Gonzalo Higuaín
67%
17 Spanien Athletic Bilbao Fernando Llorente
33%
17 Spanien FC Valencia Roberto Soldado
33%
15 Elfenbeinküste Levante UD Arouna Koné
0%
16 Spanien Rayo Vallecano Rayo Vallecano
0%
16 Spanien Betis Sevilla Rubén Castro
0%
Keine übereinstimmenden Quizze gefunden
Verteilung der Resultate
Anzahl Personen mit jedem Resultat
Perzentil nach korrekt beantworteten Fragen
Ihre Resultats-Entwicklung
Sie haben dieses Quiz noch nicht gespielt